SARTHA ABHINAV ABHANG (Record no. 356964)
[ view plain ]
| 000 -LEADER | |
|---|---|
| fixed length control field | 003930000a22001810004500 |
| 005 - DATE AND TIME OF LATEST TRANSACTION | |
| control field | 20120302062527.0 |
| 040 ## - CATALOGING SOURCE | |
| Original cataloging agency | MAR |
| 100 ## - MAIN ENTRY--PERSONAL NAME | |
| Personal name | APTE,VI.PU. |
| 245 ## - TITLE STATEMENT | |
| Title | SARTHA ABHINAV ABHANG |
| 250 ## - EDITION STATEMENT | |
| Edition statement | 1 ST |
| 260 ## - PUBLICATION, DISTRIBUTION, ETC. (IMPRINT) | |
| Place of publication, distribution, etc | MUMBAI: DR.SHRIPAD VI.JOSHI,1987 |
| 300 ## - PHYSICAL DESCRIPTION | |
| Extent | 153 P. |
| 365 ## - TRADE PRICE | |
| Price amount | RS.25/- |
| 650 ## - SUBJECT ADDED ENTRY--TOPICAL TERM | |
| Topical term or geographic name as entry element | DHARMA |
| 650 ## - SUBJECT ADDED ENTRY--TOPICAL TERM | |
| Topical term or geographic name as entry element | SANTA VANGMAYA |
| 650 ## - SUBJECT ADDED ENTRY--TOPICAL TERM | |
| Topical term or geographic name as entry element | ABHANGA |
| 942 ## - ADDED ENTRY ELEMENTS (KOHA) | |
| Koha item type | Book |
| Withdrawn status | Lost status | Damaged status | Not for loan | Home library | Current library | Date acquired | Total Checkouts | Barcode | Date last seen | Price effective from |
|---|---|---|---|---|---|---|---|---|---|---|
| Institute For Oriental Study, Thane | Institute For Oriental Study, Thane | 12/02/2009 | IOS-18024 | 12/02/2009 | 12/02/2009 |